[Event "EYCC Open-U18 2019"]
[Site "Bratislava"]
[Date "2019.08.10"]
[Round "9.6"]
[White "Pechac, Jergus"]
[Black "Miesbauer, Jan"]
[Result "1/2-1/2"]
[WhiteElo "2469"]
[BlackElo "2409"]
[Annotator "TA"]
[PlyCount "83"]
[EventDate "2019.08.02"]
[EventType "swiss"]
[EventCountry "SVK"]
[SourceTitle "playchess.com"]
[Source "ChessBase"]
[SourceQuality "1"]

{[%evp 17,83,60,72,63,66,65,83,49,61,66,83,62,60,26,58,26,27,24,74,69,82,68,51,61,77,0,0,0,0,10,6,7,17,0,12,0,6,1,10,16,24,15,41,41,43,44,136,130,144,124,189,70,72,38,48,44,23,59,59,0,8,0,0,0,0,0,0,0]} 1. d4 Nf6 2. c4 g6 3. Nc3 Bg7 4. e4 d6 5. Nf3 O-O 6. Be2 e5 7. Be3 Nbd7 8. O-O Re8 9. d5 Nh5 10. g3 {E94: King's Indian: Classical: 6 Be2 e5 7 0-0: Various Black 7th moves} Bf8 11. Ne1 Ng7 12. Nd3 {White is better.} f5 13. f3 a5 (13... Be7 14. Qd2 Nf6 15. c5 fxe4 16. fxe4 Ng4 17. Bxg4 Bxg4 {½-½ (39) Postny,E (2606)-Vovk,A (2636) Fagernes 2017}) 14. a3 Be7 15. b4 {[#]} Bg5 $146 ({Predecessor:} 15... Rf8 16. Qd2 Nf6 17. c5 fxe4 18. fxe4 {½-½ (63) Korotylev,A (2470)-Saltaev,M (2510) Moscow 1998}) 16. Qd2 Bxe3+ 17. Qxe3 g5 18. c5 f4 19. Qf2 fxg3 20. hxg3 Nf6 21. Nb2 (21. g4 $16) 21... Bh3 $11 22. Rfc1 {[#] Threatens to win with g4.} axb4 23. axb4 Rxa1 24. Rxa1 g4 25. Nc4 gxf3 26. Bxf3 Rf8 27. Qe3 $36 {[%mdl 2048] White is pushing.} Ng4 28. Bxg4 $1 Bxg4 29. Rf1 Rxf1+ 30. Kxf1 Qf6+ 31. Ke1 Qg6 (31... Ne8 $14) 32. Kd2 Ne8 33. Kc2 Bh3 (33... h5 $16 {might work better.} 34. cxd6 cxd6) 34. b5 (34. cxd6 $18 cxd6 35. Na5) 34... dxc5 $1 $14 35. Qxc5 {Strongly threatening b6.} Qf6 $1 36. Kb3 Bf1 37. Ne3 {[#] b6! is the strong threat.} Bh3 38. Nc4 ({White should play} 38. Qc4 $14) 38... Bf1 $1 $11 {The position is equal.} 39. b6 Bxc4+ 40. Kxc4 Nd6+ 41. Kb3 cxb6 42. Qc7 {Accuracy: White = 57%, Black = 71%.} 1/2-1/2

[Event "EYCC Open-U18 2019"]
[Site "Bratislava"]
[Date "2019.08.10"]
[Round "9.7"]
[White "Travadon, Loic"]
[Black "Gaifullin, Artur"]
[Result "1/2-1/2"]
[WhiteElo "2403"]
[BlackElo "2453"]
[Annotator "ChessBase"]
[PlyCount "113"]
[EventDate "2019.08.02"]
[EventType "swiss"]
[EventCountry "SVK"]
[SourceTitle "playchess.com"]
[Source "ChessBase"]
[SourceQuality "1"]
[TimeControl "40/5400+30:1800+30"]

1. Nf3 {[%emt 0:00:00]} Nf6 {[%emt 0:03:22]} 2. c4 {[%emt 0:00:00]} e6 {[%emt 0:00:05]} 3. Nc3 {[%emt 0:00:00]} d5 {[%emt 0:00:34]} 4. e3 {[%emt 0:00:00]} Be7 {[%emt 0:00:15]} 5. b3 {[%emt 0:00:00]} O-O {[%emt 0:00:36]} 6. Bb2 {[%emt 0:00:00]} dxc4 {[%emt 0:00:14]} 7. Bxc4 {[%emt 0:00:10]} c5 {[%emt 0:00:05]} 8. O-O {[%emt 0:00:22]} Nc6 {[%emt 0:00:31]} 9. d4 {[%emt 0:07:25]} cxd4 {[%emt 0:00:57]} 10. Nxd4 {[%emt 0:01:07]} Nxd4 {[%emt 0:01:40]} 11. exd4 {[%emt 0:00:05]} Qa5 {[%emt 0:03:43]} 12. Qf3 {[%emt 0:02:28]} Rd8 {[%emt 0:00:47]} 13. Rad1 {[%emt 0:01:52]} Rb8 {[%emt 0:00:16]} 14. a4 {[%emt 0:05:27]} b6 {[%emt 0:02:48]} 15. Rfe1 {[%emt 0:00:43]} Bb7 {[%emt 0:00:55]} 16. Qh3 {[%emt 0:20:37]} Nd5 {[%emt 0:03:38]} 17. Nxd5 {[%emt 0:01:25]} Bxd5 {[%emt 0:00:16]} 18. Bc3 {[%emt 0:00:20]} Bb4 {[%emt 0:00:06]} 19. Bxb4 {[%emt 0:00:07]} Qxb4 {[%emt 0:00:09]} 20. Bxd5 {[%emt 0:00:15]} exd5 {[%emt 0:06:59]} 21. Qe3 {[%emt 0:04:59]} Kf8 {[%emt 0:05:47]} 22. Qd3 {[%emt 0:00:52]} g6 {[%emt 0:01:54]} 23. Qb5 {[%emt 0:02:27]} Qxb5 {[%emt 0:02:00]} 24. axb5 {[%emt 0:00:02]} Rbc8 {[%emt 0:00:04]} 25. Rc1 {[%emt 0:00:34]} Kg7 {[%emt 0:00:18]} 26. g3 {[%emt 0:00:57]} Re8 {[%emt 0:00:39]} 27. Ra1 {[%emt 0:01:51]} Rxe1+ {[%emt 0:00:19]} 28. Rxe1 {[%emt 0:00:02]} Rc3 {[%emt 0:00:19]} 29. Re5 {[%emt 0:00:12]} Rxb3 {[%emt 0:00:30]} 30. Rxd5 {[%emt 0:00:01]} Kf6 {[%emt 0:00:17]} 31. Rd7 {[%emt 0:00:43]} Ra3 {[%emt 0:00:10]} 32. Kg2 {[%emt 0:02:02]} Ra4 {[%emt 0:03:05]} 33. d5 {[%emt 0:04:03]} Ra5 {[%emt 0:03:54]} 34. d6 {[%emt 0:00:24]} Ke6 {[%emt 0:01:16]} 35. Re7+ {[%emt 0:00:10]} Kxd6 {[%emt 0:00:17]} 36. Rxf7 {[%emt 0:00:07]} Kc5 {[%emt 0:00:56]} 37. Rxh7 {[%emt 0:00:11]} Kxb5 {[%emt 0:00:04]} 38. Rg7 {[%emt 0:00:12]} Ka4 {[%emt 0:00:43]} 39. Rxg6 {[%emt 0:08:54]} b5 {[%emt 0:00:05]} 40. Rg7 {[%emt 0:00:00]} b4 {[%emt 0:00:00]} 41. Rb7 {[%emt 0:04:19]} b3 {[%emt 0:00:22]} 42. h4 {[%emt 0:01:08]} a6 {[%emt 0:04:49]} 43. Rb6 {[%emt 0:00:07]} Ka3 {[%emt 0:01:13]} 44. h5 {[%emt 0:00:10]} Rxh5 {[%emt 0:01:00]} 45. Rxa6+ {[%emt 0:00:01]} Kb4 {[%emt 0:00:01]} 46. Ra1 {[%emt 0:01:37]} b2 {[%emt 0:00:09]} 47. Rb1 {[%emt 0:00:35]} Kc3 {[%emt 0:00:06]} 48. f4 {[%emt 0:02:33]} Ra5 {[%emt 0:06:33]} 49. g4 {[%emt 0:03:13]} Ra1 {[%emt 0:00:50]} 50. Rxb2 {[%emt 0:00:01]} Kxb2 {[%emt 0:00:02]} 51. Kf3 {[%emt 0:00:59]} Kc3 {[%emt 0:04:07]} 52. Ke4 {[%emt 0:00:06]} Ra4+ {[%emt 0:01:38]} 53. Ke5 {[%emt 0:01:29]} Ra5+ {[%emt 0:04:44]} 54. Kf6 {[%emt 0:00:32]} Kd4 {[%emt 0:01:07]} 55. g5 {[%emt 0:00:07]} Ke4 {[%emt 0:00:42]} 56. g6 {[%emt 0:00:05]} Ra6+ {[%emt 0:00:02]} 57. Kg5 {[%emt 0:00:44]} 1/2-1/2

[Event "EYCC Open-U18 2019"]
[Site "Bratislava"]
[Date "2019.08.10"]
[Round "9.8"]
[White "Maksimovic, Bojan"]
[Black "Bjerre, Jonas Buhl"]
[Result "1/2-1/2"]
[WhiteElo "2326"]
[BlackElo "2503"]
[Annotator "TA"]
[PlyCount "95"]
[EventDate "2019.08.02"]
[EventType "swiss"]
[EventCountry "SVK"]
[SourceTitle "playchess.com"]
[Source "ChessBase"]
[SourceQuality "1"]

{[%evp 12,95,13,17,22,12,22,3,10,5,11,0,0,6,16,-45,0,0,41,14,37,44,19,24,25,-43,-42,-42,0,-118,-96,-205,-189,-237,-243,-242,-229,-325,-209,-205,-212,-193,-202,-175,-147,-148,-134,-141,-137,-133,-127,-151,-146,-148,-151,-172,-126,-134,-118,-122,-121,-113,-109,-137,-110,-105,-103,-112,-110,-138,-116,-161,-150,-152,-74,-84,-66,-56,-74,-59,-34,-40,-23,-30,-29,-69]} 1. e4 c5 2. Nf3 d6 3. d4 cxd4 4. Nxd4 Nf6 5. Nc3 a6 6. h3 e5 7. Nde2 h5 {B90: Sicilian Najdorf: Unusual White 6th moves, 6 Be3 Ng4 and 6 Be3 e5} 8. Bg5 (8. Nd5 Nxd5 9. Qxd5 Nc6 10. Qd1 Be6 11. Nc3 Rc8 12. Be3 Ne7 13. Be2 d5 14. exd5 Nxd5 15. Nxd5 Qxd5 {½-½ (26) Wang,H (2730)-Giri,A (2783) St Petersburg 2018}) 8... Be6 9. Bxf6 Qxf6 {The position is equal.} 10. Nd5 Qd8 11. Qd3 Nd7 $146 ({Predecessor:} 11... g6 12. O-O-O Bh6+ 13. Kb1 Nd7 14. Qa3 Nc5 {1-0 (37) Maghsoodloo,P (2649)-Vavulin,M (2559) Manavgat 2018}) 12. O-O-O g6 13. Qa3 (13. Nec3 $11) 13... Nc5 (13... Bxd5 $5 14. Rxd5 Qf6 $11) 14. Nec3 Bh6+ 15. Kb1 O-O 16. h4 $1 Bxd5 17. Rxd5 b5 18. Be2 (18. f3 $1 $11) 18... Qb6 $15 {[#] ...b4 is the strong threat.} 19. Qb4 $1 Rfb8 20. Rhd1 (20. Rdd1 $11) 20... Qc7 21. f4 ({Wrong is} 21. Rxd6 $2 a5 $19) (21. Ka1 $17 {was worth a try.}) 21... Bxf4 $19 22. a4 bxa4 23. Qa3 Ra7 {Threatens to win with ...Rab7.} 24. Nxa4 (24. Rxc5 {keeps fighting.} Qxc5 25. Qxc5 dxc5 26. Nxa4) 24... Qa5 25. Rxc5 dxc5 26. Qxc5 Qxc5 ({Worse is} 26... Qxa4 27. Qxa7 Rxb2+ 28. Kxb2 $11) 27. Nxc5 Be3 28. Nd7 Rc8 29. Nxe5 Re8 30. Nc6 Rb7 31. Na5 Rb4 32. Bd3 Bd4 33. b3 {intending Nc6.} Bc3 {Hoping for ...Rd4.} 34. Nc4 {[#]} a5 $1 {[%mdl 512]} 35. Ne3 (35. Nxa5 Ra8) 35... Rb7 36. Nd5 Bg7 37. Ka2 Re5 38. Ka3 Bf8+ 39. Ka4 Kg7 40. c4 g5 41. hxg5 Rxg5 42. Rd2 Bc5 ({Black should try} 42... h4 43. Bb1 Rb8) 43. Bc2 $17 Kh6 44. Bd1 h4 45. Bf3 Rg3 {And now ...h3 would win.} 46. Rd1 Rb8 47. Rh1 Kg5 48. Rh2 {Accuracy: White = 50%, Black = 54%.} 1/2-1/2

[Event "EYCC Open-U18 2019"]
[Site "Bratislava"]
[Date "2019.08.10"]
[Round "9.9"]
[White "Pantzar, Milton"]
[Black "Hakobyan, Aram"]
[Result "1/2-1/2"]
[WhiteElo "2357"]
[BlackElo "2568"]
[Annotator "ChessBase"]
[PlyCount "56"]
[EventDate "2019.08.02"]
[EventType "swiss"]
[EventCountry "SVK"]
[SourceTitle "playchess.com"]
[Source "ChessBase"]
[SourceQuality "1"]
[TimeControl "40/5400+30:1800+30"]

1. d4 {[%emt 0:00:00]} g6 {[%emt 0:00:00]} 2. c4 {[%emt 0:00:53]} Bg7 {[%emt 0:00:00]} 3. e4 {[%emt 0:00:30]} d6 {[%emt 0:00:00]} 4. Nc3 {[%emt 0:01:11]} Nf6 {[%emt 0:01:26]} 5. Nge2 {[%emt 0:00:37]} O-O {[%emt 0:01:33]} 6. Ng3 {[%emt 0:00:08]} c5 {[%emt 0:00:06]} 7. d5 {[%emt 0:00:35]} e6 {[%emt 0:00:36]} 8. Be2 {[%emt 0:00:34]} exd5 {[%emt 0:02:01]} 9. cxd5 {[%emt 0:00:06]} Nbd7 {[%emt 0:01:11]} 10. O-O {[%emt 0:01:34]} a6 {[%emt 0:01:06]} 11. a4 {[%emt 0:00:12]} Re8 {[%emt 0:00:02]} 12. Bg5 {[%emt 0:01:43]} h6 {[%emt 0:04:14]} 13. Be3 {[%emt 0:01:41]} h5 {[%emt 0:09:43]} 14. Bg5 {[%emt 0:00:59]} Rb8 {[%emt 0:10:23]} 15. Qd2 {[%emt 0:03:05]} Qa5 {[%emt 0:01:28]} 16. f4 {[%emt 0:04:54]} Qb4 {[%emt 0:07:41]} 17. Kh1 {[%emt 0:08:48]} Nh7 {[%emt 0:02:31]} 18. Bh4 {[%emt 0:01:14]} c4 {[%emt 0:05:02]} 19. e5 {[%emt 0:07:58]} Nc5 {[%emt 0:04:02]} 20. Rad1 {[%emt 0:05:42]} dxe5 {[%emt 0:17:08]} 21. f5 {[%emt 0:02:41]} Nd3 {[%emt 0:01:11]} 22. fxg6 {[%emt 0:18:57]} fxg6 {[%emt 0:00:16]} 23. Bxd3 {[%emt 0:00:24]} cxd3 {[%emt 0:00:12]} 24. Qxd3 {[%emt 0:00:28]} Qg4 {[%emt 0:09:40]} 25. d6 {[%emt 0:07:42]} Bd7 {[%emt 0:04:01]} 26. Nd5 {[%emt 0:06:09]} Re6 {[%emt 0:07:21]} 27. Qe4 {[%emt 0:10:52]} g5 {[%emt 0:04:45]} 28. Qg6 {[%emt 0:09:10]} Rxg6 {[%emt 0:05:49]} 1/2-1/2

[Event "EYCC Open-U18 2019"]
[Site "Bratislava"]
[Date "2019.08.10"]
[Round "9.10"]
[White "Guerra Rivera, Salvador"]
[Black "Petriashvili, Nikoloz"]
[Result "1/2-1/2"]
[WhiteElo "2355"]
[BlackElo "2451"]
[Annotator "ChessBase"]
[PlyCount "95"]
[EventDate "2019.08.02"]
[EventType "swiss"]
[EventCountry "SVK"]
[SourceTitle "playchess.com"]
[Source "ChessBase"]
[SourceQuality "1"]
[TimeControl "40/5400+30:1800+30"]

1. e4 {[%emt 0:00:00]} e5 {[%emt 0:00:00]} 2. Nf3 {[%emt 0:00:02]} Nc6 {[%emt 0:00:00]} 3. Bb5 {[%emt 0:00:32]} g6 {[%emt 0:00:00]} 4. d4 {[%emt 0:01:36]} exd4 {[%emt 0:00:21]} 5. Bg5 {[%emt 0:00:14]} Be7 {[%emt 0:00:57]} 6. Bxe7 {[%emt 0:00:06]} Qxe7 {[%emt 0:00:12]} 7. Bxc6 {[%emt 0:00:08]} dxc6 {[%emt 0:01:08]} 8. Qxd4 {[%emt 0:00:08]} Nf6 {[%emt 0:00:06]} 9. Nc3 {[%emt 0:00:33]} Bg4 {[%emt 0:07:12]} 10. O-O-O {[%emt 0:01:18]} Bxf3 {[%emt 0:01:26]} 11. gxf3 {[%emt 0:00:04]} O-O {[%emt 0:00:12]} 12. Qe3 {[%emt 0:01:23]} Nh5 {[%emt 0:07:09]} 13. Ne2 {[%emt 0:01:19]} Rfd8 {[%emt 0:09:33]} 14. Ng3 {[%emt 0:09:10]} Qe5 {[%emt 0:01:19]} 15. Nxh5 {[%emt 0:00:22]} Qxh5 {[%emt 0:01:46]} 16. Qf4 {[%emt 0:00:15]} Rd6 {[%emt 0:09:09]} 17. h4 {[%emt 0:19:28]} Re8 {[%emt 0:06:17]} 18. Rhg1 {[%emt 0:06:10]} Qe5 {[%emt 0:09:30]} 19. Qxe5 {[%emt 0:01:49]} Rxe5 {[%emt 0:00:08]} 20. Rg5 {[%emt 0:00:18]} f5 {[%emt 0:00:04]} 21. Rdg1 {[%emt 0:05:20]} Kf7 {[%emt 0:01:00]} 22. h5 {[%emt 0:00:30]} c5 {[%emt 0:03:01]} 23. hxg6+ {[%emt 0:05:53]} hxg6 {[%emt 0:00:22]} 24. Rh1 {[%emt 0:01:37]} Kf6 {[%emt 0:01:14]} 25. Rhg1 {[%emt 0:00:10]} Kf7 {[%emt 0:00:04]} 26. Rh1 {[%emt 0:00:09]} Kg7 {[%emt 0:02:01]} 27. Rh4 {[%emt 0:03:35]} Rde6 {[%emt 0:03:30]} 28. exf5 {[%emt 0:04:36]} Rxf5 {[%emt 0:00:02]} 29. Rxf5 {[%emt 0:00:08]} gxf5 {[%emt 0:00:03]} 30. Kd2 {[%emt 0:00:17]} Kg6 {[%emt 0:00:35]} 31. f4 {[%emt 0:02:33]} Re4 {[%emt 0:04:21]} 32. b3 {[%emt 0:03:58]} c4 {[%emt 0:08:39]} 33. f3 {[%emt 0:00:59]} Rd4+ {[%emt 0:02:15]} 34. Kc3 {[%emt 0:00:12]} c5 {[%emt 0:00:14]} 35. bxc4 {[%emt 0:02:31]} Rd1 {[%emt 0:05:48]} 36. Kb2 {[%emt 0:01:30]} b6 {[%emt 0:04:34]} 37. a3 {[%emt 0:00:53]} Rd4 {[%emt 0:01:49]} 38. Kc3 {[%emt 0:00:17]} a6 {[%emt 0:01:37]} 39. a4 {[%emt 0:00:11]} a5 {[%emt 0:01:48]} 40. Kb3 {[%emt 0:00:00]} Rd1 {[%emt 0:00:00]} 41. Kb2 {[%emt 0:00:14]} Rd4 {[%emt 0:03:29]} 42. Kc3 {[%emt 0:00:04]} Rd1 {[%emt 0:02:38]} 43. Kb2 {[%emt 0:00:06]} Rd8 {[%emt 0:02:14]} 44. Kc3 {[%emt 0:00:29]} Rd1 {[%emt 0:03:16]} 45. Kb2 {[%emt 0:01:10]} Rf1 {[%emt 0:00:58]} 46. Rh3 {[%emt 0:00:04]} Rf2 {[%emt 0:03:57]} 47. Rg3+ {[%emt 0:00:16]} Kf6 {[%emt 0:00:18]} 48. Rh3 {[%emt 0:00:03] Ke5} 1/2-1/2

[Event "EYCC Open-U18 2019"]
[Site "Bratislava"]
[Date "2019.08.10"]
[Round "9.11"]
[White "Mitsis, Georgios"]
[Black "Chatzieleftheriou, Andreas"]
[Result "1/2-1/2"]
[WhiteElo "2399"]
[BlackElo "2208"]
[Annotator "NA"]
[PlyCount "76"]
[EventDate "2019.08.02"]
[EventType "swiss"]
[EventCountry "SVK"]
[SourceTitle "playchess.com"]
[Source "ChessBase"]
[SourceQuality "1"]
[TimeControl "40/5400+30:1800+30"]

1. d4 {[%emt 0:00:00]} d5 {[%emt 0:00:00]} 2. Nf3 {[%emt 0:00:00]} e6 {[%emt 0:00:00]} 3. g3 {[%emt 0:00:33]} Nf6 {[%emt 0:00:37]} 4. c4 {[%emt 0:00:35]} a6 {[%emt 0:01:00]} 5. Bg2 {[%emt 0:01:20]} dxc4 {[%emt 0:01:46]} 6. O-O {[%emt 0:03:59]} b5 {[%emt 0:02:22]} 7. Ne5 {[%emt 0:01:02]} c6 {[%emt 0:01:25]} 8. Bg5 {[%emt 0:06:54]} Bb7 {[%emt 0:05:14]} 9. Nc3 {[%emt 0:02:19]} Qb6 {[%emt 0:04:13]} 10. e4 {[%emt 0:01:02]} Nbd7 {[%emt 0:10:51]} 11. Be3 {[%emt 0:00:35]} Qc7 {[%emt 0:03:08]} 12. Nxd7 {[%emt 0:03:58]} Qxd7 {[%emt 0:01:28]} 13. Qe2 {[%emt 0:00:34]} Be7 {[%emt 0:01:38]} 14. Rad1 {[%emt 0:00:32]} O-O {[%emt 0:02:35]} 15. f4 {[%emt 0:00:29]} c5 {[%emt 0:09:05]} 16. dxc5 {[%emt 0:08:21]} Qc7 {[%emt 0:01:08]} 17. e5 {[%emt 0:18:56]} Bxg2 {[%emt 0:00:31]} 18. Kxg2 {[%emt 0:00:13]} Nd7 {[%emt 0:00:58]} 19. Ne4 {[%emt 0:00:14]} Nxc5 {[%emt 0:00:24]} 20. Bxc5 {[%emt 0:00:06]} Bxc5 {[%emt 0:00:05]} 21. h4 {[%emt 0:06:49]} Rad8 {[%emt 0:04:18]} 22. h5 {[%emt 0:00:06]} Be7 {[%emt 0:01:58]} 23. h6 {[%emt 0:00:10]} g6 {[%emt 0:01:32]} 24. g4 {[%emt 0:06:06]} Rxd1 {[%emt 0:00:31]} 25. Rxd1 {[%emt 0:00:07]} Rd8 {[%emt 0:00:07]} 26. Kg3 {[%emt 0:08:40]} Kf8 {[%emt 0:03:01]} 27. g5 {[%emt 0:00:19]} Rxd1 {[%emt 0:08:14]} 28. Qxd1 {[%emt 0:00:08]} Qc6 {[%emt 0:00:09]} 29. Qd4 {[%emt 0:02:28]} Ke8 {[%emt 0:12:49]} 30. Nf6+ {[%emt 0:07:35]} Bxf6 {[%emt 0:00:17]} 31. gxf6 {[%emt 0:00:04]} Qc7 {[%emt 0:04:37]} 32. Qe4 {[%emt 0:07:35]} Qc8 {[%emt 0:00:26]} 33. Qe3 {[%emt 0:00:26]} Qc7 {[%emt 0:00:23]} 34. Qf3 {[%emt 0:01:21]} Qc8 {[%emt 0:02:31]} 35. Qa3 {[%emt 0:01:16]} Qd7 {[%emt 0:00:09]} 36. Qxa6 {[%emt 0:00:50]} Qd3+ {[%emt 0:00:04]} 37. Kf2 {[%emt 0:00:48]} Qd2+ {[%emt 0:00:27]} 38. Kf3 {[%emt 0:00:07]} Qd3+ {[%emt 0:00:03]} 1/2-1/2

[Event "EYCC Open-U18 2019"]
[Site "Bratislava"]
[Date "2019.08.10"]
[Round "9.12"]
[White "Parkhov, Yair"]
[Black "Gorshtein, Ido"]
[Result "1/2-1/2"]
[WhiteElo "2354"]
[BlackElo "2367"]
[Annotator "TA"]
[PlyCount "29"]
[EventDate "2019.08.02"]
[EventType "swiss"]
[EventCountry "SVK"]
[SourceTitle "playchess.com"]
[Source "ChessBase"]
[SourceQuality "1"]

{[%evp 12,21,29,20,17,13,27,26,35,29,53,56]} 1. Nf3 c5 2. c4 Nc6 3. d4 cxd4 4. Nxd4 Qb6 5. Nb3 Nf6 6. Nc3 e6 7. e4 Bb4 {A31: Symmetrical English: 2 Nf3 Nf6 3 d4} 8. Bd3 Qc7 (8... Ne5 9. O-O Qd6 10. Bf4 Bxc3 11. bxc3 Qxd3 12. Bxe5 Qxd1 13. Rfxd1 Nxe4 14. Bxg7 Rg8 15. Bd4 b6 16. f3 Nd6 17. c5 Nc4 18. Bf2 Bb7 19. Rd4 b5 20. Kf1 e5 21. Rh4 Rg7 22. a4 {½-½ (22) Lenic,L (2657)-Varga,Z (2444) Hungary 2019}) 9. O-O Bxc3 10. bxc3 d6 11. Ba3 {Predecessor:} O-O $146 12. e5 dxe5 13. Bxf8 Kxf8 14. Qe2 Nd7 15. c5 {1-0 (43) Vorontsov,P (2510)-Yazici,U (2144) Kocaeli 2017} 1/2-1/2

[Event "EYCC Open-U18 2019"]
[Site "Bratislava"]
[Date "2019.08.10"]
[Round "9.13"]
[White "Levitskiy, Andrey"]
[Black "Gatineau, Yovann"]
[Result "1/2-1/2"]
[WhiteElo "2280"]
[BlackElo "2364"]
[Annotator "NA"]
[PlyCount "21"]
[EventDate "2019.08.02"]
[EventType "swiss"]
[EventCountry "SVK"]
[SourceTitle "playchess.com"]
[Source "ChessBase"]
[SourceQuality "1"]
[TimeControl "40/5400+30:1800+30"]

1. e4 {[%emt 0:00:00]} e5 {[%emt 0:00:00]} 2. Nf3 {[%emt 0:00:00]} Nc6 {[%emt 0:00:01]} 3. Bc4 {[%emt 0:00:00]} Nf6 {[%emt 0:00:05]} 4. Ng5 {[%emt 0:03:07]} d5 {[%emt 0:00:08]} 5. exd5 {[%emt 0:00:04]} Na5 {[%emt 0:00:05]} 6. Bb5+ {[%emt 0:00:06]} Bd7 {[%emt 0:00:04]} 7. Qe2 {[%emt 0:04:21]} Be7 {[%emt 0:00:07]} 8. Nc3 {[%emt 0:04:34]} O-O {[%emt 0:01:43]} 9. Bxd7 {[%emt 0:05:36]} Qxd7 {[%emt 0:00:08]} 10. O-O {[%emt 0:02:17]} Rfe8 {[%emt 0:05:57]} 11. d3 {[%emt 0:22:35]} 1/2-1/2

[Event "EYCC Open-U18 2019"]
[Site "Bratislava"]
[Date "2019.08.10"]
[Round "9.14"]
[White "Baenziger, Fabian"]
[Black "Anghelus, Alin-Gabriel"]
[Result "1/2-1/2"]
[WhiteElo "2352"]
[BlackElo "2107"]
[Annotator "NA"]
[PlyCount "116"]
[EventDate "2019.08.02"]
[EventType "swiss"]
[EventCountry "SVK"]
[SourceTitle "playchess.com"]
[Source "ChessBase"]
[SourceQuality "1"]
[TimeControl "40/5400+30:1800+30"]

1. d4 {[%emt 0:00:00]} d5 {[%emt 0:00:00]} 2. c4 {[%emt 0:00:00]} e6 {[%emt 0:00:00]} 3. Nc3 {[%emt 0:00:10]} a6 {[%emt 0:00:00]} 4. cxd5 {[%emt 0:01:58]} exd5 {[%emt 0:00:03]} 5. Qb3 {[%emt 0:00:39]} Nc6 {[%emt 0:02:12]} 6. Nf3 {[%emt 0:00:14]} Nge7 {[%emt 0:01:23]} 7. Bf4 {[%emt 0:05:36]} Na5 {[%emt 0:03:43]} 8. Qa4+ {[%emt 0:02:29]} c6 {[%emt 0:00:06]} 9. e3 {[%emt 0:00:53]} b5 {[%emt 0:02:54]} 10. Qd1 {[%emt 0:02:39]} Bf5 {[%emt 0:02:10]} 11. Bd3 {[%emt 0:05:22]} Nc4 {[%emt 0:03:40]} 12. Bxf5 {[%emt 0:02:09]} Nxf5 {[%emt 0:00:08]} 13. Qc2 {[%emt 0:00:40]} Nh4 {[%emt 0:05:25]} 14. Nxh4 {[%emt 0:02:26]} Qxh4 {[%emt 0:00:07]} 15. O-O {[%emt 0:01:53]} Bd6 {[%emt 0:08:08]} 16. b3 {[%emt 0:02:21]} Bxf4 {[%emt 0:00:14]} 17. exf4 {[%emt 0:00:06]} Nb6 {[%emt 0:00:07]} 18. Nxd5 {[%emt 0:15:16]} cxd5 {[%emt 0:00:07]} 19. Qc6+ {[%emt 0:00:12]} Kf8 {[%emt 0:00:09]} 20. Qxb6 {[%emt 0:00:04]} h5 {[%emt 0:03:55]} 21. Rac1 {[%emt 0:08:43]} Rh6 {[%emt 0:07:11]} 22. Qb7 {[%emt 0:01:56]} Rd8 {[%emt 0:01:43]} 23. g3 {[%emt 0:01:24]} Qf6 {[%emt 0:00:58]} 24. Rc8 {[%emt 0:04:28]} Kg8 {[%emt 0:04:41]} 25. Rfc1 {[%emt 0:02:05]} Rxc8 {[%emt 0:02:05]} 26. Rxc8+ {[%emt 0:01:36]} Kh7 {[%emt 0:00:06]} 27. Qxd5 {[%emt 0:01:12]} Qe6 {[%emt 0:01:43]} 28. Qxe6 {[%emt 0:05:55]} Rxe6 {[%emt 0:00:05]} 29. Rc5 {[%emt 0:00:22]} Re1+ {[%emt 0:01:21]} 30. Kg2 {[%emt 0:00:03]} g6 {[%emt 0:00:04]} 31. a4 {[%emt 0:01:09]} Rd1 {[%emt 0:01:19]} 32. axb5 {[%emt 0:05:12]} axb5 {[%emt 0:00:04]} 33. Rxb5 {[%emt 0:00:05]} Rxd4 {[%emt 0:00:04]} 34. h4 {[%emt 0:00:06]} Rd2 {[%emt 0:00:06]} 35. f5 {[%emt 0:00:57]} Kg7 {[%emt 0:00:54]} 36. fxg6 {[%emt 0:00:05]} fxg6 {[%emt 0:00:04]} 37. Rb7+ {[%emt 0:00:39]} Kf6 {[%emt 0:00:40]} 38. b4 {[%emt 0:00:33]} Rb2 {[%emt 0:00:05]} 39. b5 {[%emt 0:00:26]} Rb3 {[%emt 0:00:13]} 40. b6 {[%emt 0:00:00]} Ke6 {[%emt 0:00:00]} 41. Rb8 {[%emt 0:01:20]} Kf7 {[%emt 0:00:48]} 42. Kf1 {[%emt 0:05:34]} Rb2 {[%emt 0:00:07]} 43. Ke1 {[%emt 0:01:47]} Kg7 {[%emt 0:00:12]} 44. b7 {[%emt 0:04:44]} Kh7 {[%emt 0:00:07]} 45. Kd1 {[%emt 0:00:09]} Kg7 {[%emt 0:00:12]} 46. Kc1 {[%emt 0:00:13]} Rb6 {[%emt 0:00:07]} 47. Kc2 {[%emt 0:00:19]} Rb5 {[%emt 0:00:08]} 48. f4 {[%emt 0:01:38]} Rb6 {[%emt 0:00:19]} 49. Kc3 {[%emt 0:02:31]} Rb1 {[%emt 0:00:14]} 50. f5 {[%emt 0:03:48]} gxf5 {[%emt 0:00:05]} 51. Kd4 {[%emt 0:00:37]} Rb2 {[%emt 0:01:09]} 52. Ke5 {[%emt 0:00:40]} Rb1 {[%emt 0:00:08]} 53. Kd6 {[%emt 0:00:54]} Rd1+ {[%emt 0:00:27]} 54. Ke6 {[%emt 0:00:03]} Re1+ {[%emt 0:00:53]} 55. Kd6 {[%emt 0:05:43]} Rd1+ {[%emt 0:00:05]} 56. Ke5 {[%emt 0:00:02]} Rb1 {[%emt 0:00:06]} 57. Kf4 {[%emt 0:04:12]} Rb5 {[%emt 0:00:17]} 58. Kg5 {[%emt 0:06:50]} f4+ {[%emt 0:00:06]} 1/2-1/2